Studies in ethnopragmatics, cultural semantics, and intercultural communication : minimal English (and beyond) / Lauren Sadow, Bert Peeters, Kerry Mullan, editors. (Record no. 22440)

000 -LEADER
fixed length control field 01684nam a2200193 4500
020 ## - INTERNATIONAL STANDARD BOOK NUMBER
ISBN 9789813299795
082 ## - DEWEY DECIMAL CLASSIFICATION NUMBER
Classification number 401.41
Item number St933 2020
245 ## - TITLE STATEMENT
Title Studies in ethnopragmatics, cultural semantics, and intercultural communication : minimal English (and beyond) / Lauren Sadow, Bert Peeters, Kerry Mullan, editors.
260 ## - PUBLICATION, DISTRIBUTION, ETC. (IMPRINT)
Place of publication Singapore :
Name of publisher Springer Nature Singapore Pte Ltd.,
Year of publication c2020.
300 ## - PHYSICAL DESCRIPTION
Number of Pages 1 online resource, viii, 253 pages :
Other physical details illustrations (some color).
500 ## - GENERAL NOTE
General note Includes bibliographical references.
520 ## - SUMMARY, ETC.
Summary, etc This book is the first in a three-volume set that celebrates the career and achievements of Cliff Goddard, a pioneer of the Natural Semantic Metalanguage approach in linguistics. In addition, it explores ethnopragmatics and conversational humour, with a further focus on semantic analysis more broadly.

Often considered the most fully developed, comprehensive and practical approach to cross-linguistic and cross-cultural semantics, Natural Semantic Metalanguage is based on evidence that there is a small core of basic, universal meanings (semantic primes) that can be expressed in all languages. It has been used for linguistic and cultural analysis in such diverse fields as semantics, cross-cultural communication, language teaching, humour studies and applied linguistics, and has reached far beyond the boundaries of linguistics into ethnopsychology, anthropology, history, political science, the medical humanities and ethics.
650 ## - SUBJECT ADDED ENTRY--TOPICAL TERM
Topical Term Intercultural communication.
650 ## - SUBJECT ADDED ENTRY--TOPICAL TERM
Topical Term Language and culture.
700 ## - ADDED ENTRY--PERSONAL NAME
Personal name Sadow, Lauren, editor.
700 ## - ADDED ENTRY--PERSONAL NAME
Personal name Peeters, Bert, editor.
700 ## - ADDED ENTRY--PERSONAL NAME
Personal name Mullan, Kerry, editor.
942 ## - ADDED ENTRY ELEMENTS (KOHA)
Koha item type Electronic Books
Holdings
Source of acquisition Permanent Location Date acquired Collection code Koha item type Lost status Shelving location Withdrawn status Current Location Full call number
DonationCagayan State University - Carig Library2026-04-16E-BooksElectronic Books E-Resource Section Cagayan State University - Carig Library401.41 St933 2020

Cagayan State University University Library, Carig Campus
Tuguegarao City, Cagayan 3500 | www.csucarig.edu.ph

Powered by Koha